| 000 | 01228nam0a22002411 4500 | ||
|---|---|---|---|
| 001 | rc\4231739 | ||
| 005 | 20260406152112.0 | ||
| 021 |
_aRU _bРг4975-62 |
||
| 035 | _a(NLR Aleph) 008226911 | ||
| 090 |
_a8191686 _c8191686 |
||
| 100 | _a20130416d1962 |||y0rusy50 ca | ||
| 101 | 0 | _arus | |
| 102 | _aRU | ||
| 105 | _ay z ||||| | ||
| 200 | 1 |
_aМатериалы Итоговой научной конференции фармацевтического факультета Азербайджанского медицинского института имени Н. Нариманова по проблеме "Изыскание новых фармакологических и химиотерапевтических средств и изучение механизма действия лекарственных веществ" _fМ-во здрав. Аз. ССР |
|
| 210 |
_aБаку _cБ. и. _d1962 |
||
| 215 |
_a69 с., включ. обл. _d20 |
||
| 710 | 0 | 2 |
_aАзербайджанский медицинский институт им. Н. Нариманова _cБаку _3RU\NLR\AUTH\889927587 _9350798 |
| 801 | 0 |
_aRU _bNLR _gpsbo |
|
| 801 | 1 |
_aRU _bELAR _2rusmarc |
|
| 852 |
_aNLR _j62-4/10530 |
||
| 942 | _cBOOK | ||
| 980 | _aNB | ||